BCIS dilapidations price book (Record no. 104416)

MARC details
000 -LEADER
fixed length control field 01576cam a2200301 4500
001 - CONTROL NUMBER
control field ##E130262
008 - FIXED-LENGTH DATA ELEMENTS--GENERAL INFORMATION
fixed length control field 050711n2005 000 0 eng u
020 ## - INTERNATIONAL STANDARD BOOK NUMBER
International Standard Book Number 1904829236
035 ## - SYSTEM CONTROL NUMBER
System control number (Sirsi) u130262
041 0# - LANGUAGE CODE
Language code of text/sound track or separate title eng
050 ## - LIBRARY OF CONGRESS CALL NUMBER
Classification number 692.5
-- 18
110 ## - MAIN ENTRY--CORPORATE NAME
Corporate name or jurisdiction name as entry element Building Cost Information Service
9 (RLIN) 1096
245 ## - TITLE STATEMENT
Title BCIS dilapidations price book
Remainder of title 2005
260 ## - PUBLICATION, DISTRIBUTION, ETC.
Place of publication, distribution, etc. London
Name of publisher, distributor, etc. BCIS
Date of publication, distribution, etc. 2005
300 ## - PHYSICAL DESCRIPTION
Extent 328p. ; 21cm.
350 ## - PRICE (NR) (BK AM CF MU VM SE) [OBSOLETE]
Price £125.00
505 ## - FORMATTED CONTENTS NOTE
Formatted contents note Part 1: Background information to the structure and use of the price data and guidance.
505 ## - FORMATTED CONTENTS NOTE
Formatted contents note Part 2: Key principles to Dilapidations, and the quantifying and preparing claims using schedules of dilapidations.
505 ## - FORMATTED CONTENTS NOTE
Formatted contents note Part 3: Measured Rates for each Building Element generally set out for Removal; Cleaning, Repair and Reinstatement, and New Work
505 ## - FORMATTED CONTENTS NOTE
Formatted contents note Part 4: General guidance and basis to the rates for labour, scaffolding and plant together with materials prices used in the Price Book. Information on the labour constants used in the Price Book is also provided.
505 ## - FORMATTED CONTENTS NOTE
Formatted contents note Part 5: Further sources of supporting information on Dilapidations for practitioners.
520 ## - SUMMARY, ETC.
Summary, etc. Aims to save time and minimise disputes associated with costing schedules of dilapidations. Provides cost data for dilapidations schedules for both residential and non-residential buildings.
590 ## - LOCAL NOTE (RLIN)
Local note IKA270905
690 ## - LOCAL SUBJECT ADDED ENTRY--TOPICAL TERM (OCLC, RLIN)
Topical term or geographic name as entry element BUILT ENVIRONMENT-QUANTITY SURVEYING-CONSTRUCTION COST ANALYSIS
690 ## - LOCAL SUBJECT ADDED ENTRY--TOPICAL TERM (OCLC, RLIN)
Topical term or geographic name as entry element BUILT ENVIRONMENT-BUILDING INSPECTION-DILAPIDATIONS SURVEYING
942 ## - ADDED ENTRY ELEMENTS (KOHA)
Suppress in OPAC 0
Holdings
Withdrawn status Lost status Damaged status Not for loan Home library Current library Shelving location Date acquired Cost, normal purchase price Total Checkouts Full call number Barcode Date last seen Date last checked out Copy number Cost, replacement price Price effective from Koha item type Source of classification or shelving scheme
  Missing     London London Missing 15/09/2005 125.00 9 692.5 BUI 30071295 06/08/2019 30/08/2006 1 125.00 06/08/2019 Book  
        London London Basement 28/10/2005 125.00   692.5 BUI 30071411 06/08/2019   2 125.00 06/08/2019 Reference material Dewey Decimal Classification
        London London Basement 28/10/2005 125.00 27 692.5 BUI 30071412 06/08/2019 23/07/2008 3 125.00 06/08/2019 Archive Dewey Decimal Classification